000 00651nam a22001575i 4500
001 158919
003 ES-MaACL
005 20230906211357.0
008 040906s1900 sp |||| | spa d
040 _aCAM
_bspa
_cCAM
100 1 _aMartín y Menéndez, Antonio.
_9129611
245 1 0 _aApuntes médico-legales referentes al secreto profesional en España
_b: memoria del doctorado /
_cescrita por Antonio Martin y Menéndez.
260 _aMadrid :
_b[s.n.],
_c1900 (
_fEstabl. tipog. de los sucesores de Cuesta)
300 _a43 p. ;
_c24 cm.
852 _aES-MaACL
_jT-1007-F-6
_z-- Enc. hol. conservando la cub. original
_z-- Enc. en un vol. facticio
999 _c158919
_d158919